000 00201 a2200109 4500
020 _a070993005504
041 _aeng
100 _aCarol Higgins Clark
245 _aSnagged
942 _cBK
952 _71
999 _c21846
_d21846